书目信息 |
| 题名: |
中国古玉识真
|
|
| 作者: | 张旭 , 赵旻 编著 | |
| 分册: | ||
| 出版信息: | 南昌 江西美术出版社 2004 |
|
| 页数: | 100页 | |
| 开本: | 22cm | |
| 丛书名: | 中国文物识真丛书 | |
| 单 册: | ||
| 中图分类: | K876.84 | |
| 科图分类: | ||
| 主题词: | 古玉器--鉴别--中国 , 古玉器 | |
| 电子资源: | ||
| ISBN: | 7-80580-991-7 | |
| 000 | 01226oam2 2200325 450 | |
| 001 | 010000004218 | |
| 005 | 20051227101958.78 | |
| 010 | @a7-80580-991-7@b精装@dCNY38.00 | |
| 092 | @aCN | |
| 100 | @a20050624d2004 ekmy0chiy0120 ea | |
| 101 | 0 | @achi |
| 102 | @aCN@b360000 | |
| 105 | @aaf z 000yy | |
| 200 | 1 | @a中国古玉识真@9zhong guo gu yu shi zhen@f张旭,赵旻编著@Fzhang xu,zhao min bian zhu |
| 205 | @a修订版 | |
| 210 | @a南昌@c江西美术出版社@d2004 | |
| 215 | @a100页@c照片,图版@d22cm | |
| 225 | 2 | @a中国文物识真丛书 |
| 314 | @a张旭,1965年生于天津,1988年毕业于南开大学历史系,现在天津市文物局文物处从事文物出境鉴定工作,为国家文物出境鉴定天津站责任鉴定员,2001年被评为文博专业副研究员,著有《中国古代陶器》等。 | |
| 314 | @a赵旻,1999年毕业于中央工艺美术学院工艺美术学系,现任职于天津市文物局,是国家文物出境鉴定天津站文物出境鉴定工作人员。 | |
| 330 | @a本书叙述了中国玉器发展史,共包括序、前言、图版目录、图版、附录以及后记等。 | |
| 461 | 0 | @12001 @a中国文物识真丛书 |
| 606 | 0 | @a古玉器@x鉴别@y中国 |
| 606 | 0 | @a古玉器 |
| 690 | @aK876.84@v4 | |
| 701 | 0 | @a张旭@Azhang xu@4编著 |
| 701 | 0 | @a赵旻@Azhao min@4编著 |
| 801 | 0 | @aCN@bNLC@c20051227 |
| 905 | @a10447@dK876.84@e172 | |
| 999 | @aWJ | |
| 中国古玉识真/张旭,赵旻编著.-修订版.-南昌:江西美术出版社,2004 |
| 100页:照片,图版;22cm.-(中国文物识真丛书) |
| ISBN 7-80580-991-7(精装):CNY38.00 |
| 本书叙述了中国玉器发展史,共包括序、前言、图版目录、图版、附录以及后记等。 |
| ● |
| 相关链接 |
|
|
|
|
正题名:中国古玉识真
索取号:K876.84/172
 
预约/预借
| 序号 | 登录号 | 条形码 | 馆藏地/架位号 | 状态 | 备注 |
| 1 | 0372835 | 203728350 | 第二样本阅览室/ [索取号:K876.84/172] | 在馆 |